Telecommunications Law in the Internet Age (Record no. 621298)

MARC details
000 -LEADER
fixed length control field 00514nam a22001817a 4500
008 - FIXED-LENGTH DATA ELEMENTS--GENERAL INFORMATION
fixed length control field 260428b |||||||| |||| 00| 0 eng d
020 ## - INTERNATIONAL STANDARD BOOK NUMBER
ISBN 9781558605466
Paper back/Hardbound hbk
041 ## - LANGUAGE CODE
Language code of text/sound track or separate title eng
082 ## - DEWEY DECIMAL CLASSIFICATION NUMBER
Classification number 343.730994 BLA
100 ## - MAIN ENTRY--AUTHOR NAME
Personal name K. Black, Sharon
245 ## - TITLE STATEMENT
Title Telecommunications Law in the Internet Age
Statement of responsibility, etc /Sharon K. Black:
260 ## - PUBLICATION, DISTRIBUTION, ETC. (IMPRINT)
Place of publication USA
Name of publisher Academic press
Year of publication 2002
300 ## - PHYSICAL DESCRIPTION
Number of Pages xix, 516p. :
Dimensions 24cm.
504 ## - BIBLIOGRAPHY, ETC. NOTE
Bibliography, etc Includes index
650 ## - SUBJECT ADDED ENTRY--TOPICAL TERM
Topical Term Military, tax, trade & industrial law
942 ## - ADDED ENTRY ELEMENTS (KOHA)
Koha item type English Books
Holdings
Withdrawn status Lost status Damaged status Not for loan Home library Current library Shelving location Date acquired Full call number Accession Number Price effective from Koha item type
        Anna Centenary Library Anna Centenary Library 4TH FLOOR, A WING 08.11.2010 343.730994 BLA 348738 28.04.2026 English Books

Find us on the map